000
00326pab a2200145 454500
008
180718b2001 xxu||||| |||| 00| 0 eng d
100
_a
Khor, Martin
245
_a
Facing up to globalisation
260
_c
2001
300
_a
p.68-72
362
_a
Mar-Apr
650
_a
Globalization
773
_a
Encounter
909
_a
50092
999
_c
50092
_d
50092